[Event "Tournoi Skype 031B"]
[Site "Skype"]
[Date "????.??.??"]
[Round "9.33"]
[White "Radice, Marco"]
[Black "Jacinto Sebastian, Carlos Ivan"]
[Result "1-0"]
[WhiteElo "1198"]
[BlackElo "1003"]
[PlyCount "73"]

1. d4 d5 2. Nf3 Nf6 3. Bf4 e6 4. c3 Be7 5. Na3 O-O 6. Nb5 Na6 7. e3 c6 8. Na3
Bd6 9. Ne5 Ne4 10. Bd3 Qh4 11. O-O f6 12. Nf3 Qh5 13. Bxd6 Rd8 14. Bf4 Bd7 15.
Be2 Qf7 16. c4 Re8 17. cxd5 cxd5 18. Rc1 e5 19. dxe5 fxe5 20. Nxe5 Qe7 21. Nxd7
Qxd7 22. Bc4 Rad8 23. Bb5 Qf5 24. Bxe8 Rxe8 25. Nb5 Nf6 26. Nd6 Qh5 27. Nxe8
Ng4 28. Rc8 Qxh2+ 29. Bxh2 Nxh2 30. Qxd5+ Kf8 31. Nf6+ Ke7 32. Qd8+ Ke6 33.
Kxh2 gxf6 34. Qg8+ Kd7 35. Rd1+ Ke7 36. Qxh7+ Ke6 37. Re8# 1-0

[Event "Tournoi Skype 031B"]
[Site "Skype"]
[Date "????.??.??"]
[Round "9.34"]
[White "Conde, Abigail"]
[Black "Bolanos Ocampo, Sandra"]
[Result "1-0"]
[WhiteElo "1177"]
[BlackElo "1000"]
[PlyCount "45"]

1. d4 c6 2. b3 d5 3. Bf4 Nf6 4. Nd2 Bg4 5. h3 Bh5 6. c4 e6 7. c5 Be7 8. Ngf3
O-O 9. e3 h6 10. Bd3 Re8 11. Qc2 Nbd7 12. Nh4 b6 13. b4 Rf8 14. g4 Bg6 15. Bxg6
fxg6 16. Nxg6 Re8 17. Nh4 Nh7 18. Ndf3 Ndf6 19. Rg1 Kf8 20. Ng6+ Kf7 21. Nge5+
Kg8 22. Bxh6 g6 23. Qxg6+ 1-0

[Event "Tournoi Skype 031B"]
[Site "Skype"]
[Date "????.??.??"]
[Round "9.35"]
[White "Achicanoy, Yolanda"]
[Black "Yepez, German"]
[Result "0-1"]
[WhiteElo "1000"]
[BlackElo "1171"]
[PlyCount "80"]

1. e4 e5 2. Bc4 Nf6 3. Nc3 d6 4. h3 c6 5. Bb3 Be7 6. Nf3 O-O 7. O-O Nbd7 8. d3
h6 9. Be3 a5 10. a3 Nh7 11. Nh2 Bg5 12. Ng4 Bxe3 13. fxe3 Ndf6 14. Nxh6+ gxh6
15. Ne2 Qe7 16. Qe1 Kh8 17. Kh1 Nh5 18. d4 exd4 19. Nxd4 Ng7 20. Ne2 f5 21.
exf5 Bxf5 22. c3 Nh5 23. Nd4 Qg5 24. Nf3 Ng3+ 25. Kg1 Qg7 26. Rd1 Nxf1 27. Qxf1
d5 28. Kf2 Rg8 29. Nh4 Be4 30. Ke2 Bxg2 31. Nxg2 Qxg2+ 32. Qxg2 Rxg2+ 33. Kf1
Rxb2 34. Bxd5 cxd5 35. Rxd5 Rf8+ 36. Ke1 Rff2 37. Rd8+ Nf8 38. e4 Kg7 39. e5
Rh2 40. Rd3 Rh1# 0-1

[Event "Tournoi Skype 031B"]
[Site "Skype"]
[Date "????.??.??"]
[Round "9.40"]
[White "Skura, Simone"]
[Black "Schnell, Nicolas"]
[Result "1-0"]
[WhiteElo "1000"]
[BlackElo "1035"]
[PlyCount "51"]

1. e4 e5 2. Nf3 Nc6 3. d4 Bb4+ 4. c3 Ba5 5. d5 Nce7 6. b4 Bb6 7. Nxe5 d6 8.
Bb5+ c6 9. dxc6 Qc7 10. cxb7+ Nc6 11. bxa8=Q dxe5 12. Qxc6+ Qxc6 13. Bxc6+ Bd7
14. Bxd7+ Ke7 15. Qg4 Nf6 16. Bg5 Rd8 17. Bxf6+ gxf6 18. Bf5 a5 19. Bxh7 Rc8
20. a3 Rc6 21. h3 Rc4 22. b5 f5 23. Bxf5 a4 24. Qe2 Rc6 25. bxc6 Bxf2+ 26. Kxf2
1-0

[Event "Tournoi Skype 031B"]
[Site "Skype"]
[Date "????.??.??"]
[Round "9.41"]
[White "Marroquin Mayhua, Silvia"]
[Black "Marin Gomez, Ian Javier"]
[Result "0-1"]
[WhiteElo "1000"]
[BlackElo "1000"]
[PlyCount "76"]

1. e4 e5 2. g4 h6 3. h3 Nf6 4. Bg2 Bc5 5. Qf3 O-O 6. Ne2 Nc6 7. d3 Re8 8. Bd2
d6 9. a3 a5 10. Bc3 Be6 11. b3 d5 12. Nd2 Qe7 13. O-O Rad8 14. Ng3 Bd4 15. Nb1
Qc5 16. Ra2 Bxc3 17. Nxc3 Qxc3 18. Ne2 Qc5 19. c4 dxe4 20. dxe4 Nd4 21. Qg3
Nxe2+ 22. Rxe2 Qxa3 23. Re3 Qc5 24. Rd3 a4 25. Rxd8 Rxd8 26. bxa4 Qxc4 27. Qxe5
Qc2 28. Bf3 Rd3 29. Qf4 Qxa4 30. Qxc7 Rxf3 31. Qb8+ Kh7 32. Kg2 Qxe4 33. Qd8
Rd3+ 34. f3 Qe2+ 35. Rf2 Qe3 36. Qxd3+ Qxd3 37. Rf1 Bd5 38. h4 Nxg4 0-1

[Event "Tournoi Skype 031B"]
[Site "Skype"]
[Date "????.??.??"]
[Round "9.42"]
[White "Bucherie, Volcy"]
[Black "Alcaraz Acosta, Luisa Montserrat"]
[Result "1-0"]
[WhiteElo "1264"]
[BlackElo "1000"]
[PlyCount "79"]

1. Nf3 c6 2. c4 d5 3. cxd5 cxd5 4. d4 Bf5 5. Nh4 Bg4 6. h3 Bh5 7. g4 Nf6 8.
gxh5 Nxh5 9. Nc3 e6 10. Nf3 Bd6 11. e4 O-O 12. e5 Be7 13. Bd3 Nc6 14. Qc2 g6
15. Bh6 Re8 16. O-O-O Qa5 17. Bg5 Nb4 18. Qa4 Qxa4 19. Nxa4 Nxa2+ 20. Kb1 Nb4
21. Bb5 Rec8 22. Bxe7 Nc2 23. Nc5 Rc7 24. Bd6 Rcc8 25. Kxc2 a6 26. Bd3 Nf4 27.
Bf1 b6 28. Kb1 bxc5 29. dxc5 a5 30. Bb5 a4 31. c6 Ra5 32. Nd4 Rca8 33. c7 Kg7
34. Rc1 a3 35. bxa3 Nd3 36. Bxd3 Kh6 37. c8=Q Rxc8 38. Rxc8 g5 39. Rh8 Kh5 40.
Rxh7# 1-0

[Event "Tournoi Skype 031B"]
[Site "Skype"]
[Date "????.??.??"]
[Round "9.43"]
[White "Gerbaux, Regis"]
[Black "Gomez Zuluaga, Jorge Adiel"]
[Result "0-1"]
[WhiteElo "1024"]
[BlackElo "1161"]
[PlyCount "100"]

1. e4 Nc6 2. Nf3 d6 3. Bc4 Be6 4. Bxe6 fxe6 5. d4 h6 6. c3 Nf6 7. Nbd2 g5 8. h3
Bg7 9. O-O Kd7 10. Re1 Kc8 11. e5 dxe5 12. Nxe5 Nxe5 13. dxe5 Nd7 14. Nc4 b5
15. Qf3 bxc4 16. Qxa8+ Nb8 17. b3 Qd3 18. Bb2 Rf8 19. Qxa7 Qc2 20. Ba3 Rf7 21.
Qd4 cxb3 22. axb3 Rf4 23. Qa7 g4 24. g3 Re4 25. Bxe7 Bxe5 26. Rad1 Rxe1+ 27.
Rxe1 Bxc3 28. Qc5 gxh3 29. Bf6 Qd3 30. Qf8+ Kb7 31. Bxc3 Qxc3 32. Rxe6 Qxb3 33.
Re8 Nc6 34. Re3 Qd5 35. Qf3 Qxf3 36. Rxf3 Kb6 37. Kh2 Ne5 38. Rb3+ Kc5 39. Kxh3
h5 40. Kh4 Kc4 41. Re3 Ng4 42. Re4+ Kd5 43. f3 Nf2 44. Re7 c5 45. Kxh5 c4 46.
Re2 Nh1 47. Rd2+ Kc5 48. g4 Ng3+ 49. Kh4 Nf1 50. f4 Nxd2 0-1

[Event "Tournoi Skype 031B"]
[Site "Skype"]
[Date "????.??.??"]
[Round "9.44"]
[White "Baratta, Giuseppe"]
[Black "Lecluyse, Koenraad"]
[Result "0-1"]
[WhiteElo "1000"]
[BlackElo "1096"]
[PlyCount "104"]

1. d4 d5 2. h3 Nc6 3. Nf3 Bf5 4. a3 e6 5. Bf4 h6 6. e3 Bd6 7. Bd3 Bxd3 8. Qxd3
Bxf4 9. exf4 Nf6 10. Nbd2 O-O 11. O-O Nh5 12. f5 exf5 13. Qxf5 Nf6 14. Ne5 Qd6
15. Qf3 Rae8 16. Rae1 Nxd4 17. Qd3 Nc6 18. c4 Nxe5 19. Qd4 Nxc4 20. Nxc4 Qc6
21. b3 dxc4 22. bxc4 b6 23. Qc3 Ne4 24. Qc2 f5 25. f3 Nc5 26. Re2 Rxe2 27. Qxe2
Nb3 28. c5 Qxc5+ 29. Kh1 Nd4 30. Qa2+ Kh8 31. Qf2 Re8 32. Re1 Rd8 33. g4 fxg4
34. fxg4 Rf8 35. Qg2 Nc2 36. Rf1 Rxf1+ 37. Qxf1 Nxa3 38. h4 Nc4 39. g5 Ne3 40.
Qg1 Qd5+ 41. Kh2 Qe5+ 42. Kh3 Nf5 43. Qh2 Qc3+ 44. Kg4 Ne3+ 45. Kh5 c5 46. gxh6
gxh6 47. Kxh6 Qf6+ 48. Kh5 Qf5+ 49. Kh6 Qf6+ 50. Kh5 Kh7 51. Qc7+ Qg7 52. Qc6
Qg4# 0-1

[Event "Tournoi Skype 031B"]
[Site "Skype"]
[Date "????.??.??"]
[Round "9.45"]
[White "Cassano, Mariangela"]
[Black "Bland, Marilyn"]
[Result "0-1"]
[WhiteElo "1000"]
[BlackElo "1077"]
[PlyCount "62"]

1. Nf3 d6 2. d4 Nf6 3. Bf4 Bf5 4. e3 Nbd7 5. Be2 g6 6. O-O Bg7 7. c4 O-O 8. Nc3
a6 9. b3 b5 10. cxb5 axb5 11. Nxb5 Ng4 12. a3 e5 13. a4 exf4 14. exf4 Ngf6 15.
Bc4 d5 16. Be2 c6 17. Nc3 Re8 18. b4 Qc7 19. b5 cxb5 20. axb5 Rxa1 21. Qxa1
Qxf4 22. Re1 Ng4 23. g3 Qh6 24. h4 Bf6 25. b6 Nxb6 26. Qb2 Bxh4 27. gxh4 Qf4
28. Qxb6 Be4 29. Qb5 Bxf3 30. Bxf3 Rxe1+ 31. Kg2 Qh2# 0-1

[Event "Tournoi Skype 031B"]
[Site "Skype"]
[Date "????.??.??"]
[Round "9.46"]
[White "Baker, Abi"]
[Black "Molina, Maria Lucia"]
[Result "0-1"]
[WhiteElo "1067"]
[BlackElo "1000"]
[PlyCount "80"]

1. c4 f5 2. g3 Nf6 3. Bg2 e6 4. Nc3 c6 5. d4 d5 6. b3 dxc4 7. bxc4 Bd6 8. Bg5
h6 9. Bxf6 Qxf6 10. e3 O-O 11. f4 Nd7 12. Nf3 Qf7 13. h4 Nf6 14. Ng5 hxg5 15.
hxg5 Ng4 16. Qe2 Qe7 17. Bf3 Bb4 18. Rc1 Ba3 19. Rc2 Qb4 20. Bxg4 fxg4 21. Qxg4
Kf7 22. g6+ Ke8 23. Qg5 Qxc4 24. Qe5 Rg8 25. f5 Qd3 26. f6 Qxc2 27. f7+ Kf8 28.
Qd6+ Bxd6 29. fxg8=Q+ Kxg8 30. Ne2 Qxg6 31. Nf4 Qxg3+ 32. Ke2 e5 33. dxe5 Bxe5
34. Kd3 Bxf4 35. a4 Qxe3+ 36. Kc4 b5+ 37. Kb4 Bd6+ 38. Ka5 Bc7+ 39. Kb4 Qe4+
40. Kc5 Qc4# 0-1

[Event "Tournoi Skype 031B"]
[Site "Skype"]
[Date "????.??.??"]
[Round "9.47"]
[White "Samudio Villarreal, Eduardo"]
[Black "Abate, Luigi"]
[Result "1-0"]
[WhiteElo "1000"]
[BlackElo "1066"]
[PlyCount "65"]

1. e4 e5 2. Bc4 Nf6 3. h3 Nxe4 4. Qe2 f5 5. Nf3 d6 6. d3 Nc6 7. dxe4 f4 8. Ng5
Qxg5 9. Bd2 Qxg2 10. Qf1 f3 11. Nc3 Nb4 12. O-O-O Be7 13. a3 Nc6 14. Nb5 a6 15.
Nxc7+ Kd8 16. Nxa8 Na5 17. Bxa5+ Kd7 18. Nb6+ Kd8 19. Nd5+ Ke8 20. Nb6 Kd8 21.
Qxg2 fxg2 22. Rhg1 Bxh3 23. Nd5+ Kd7 24. Nxe7 Kxe7 25. Rd3 Rf8 26. Re1 Rxf2 27.
Rxh3 b5 28. Bb3 Rf1 29. Rg3 Rf2 30. Bb6 Rf1 31. Kd1 Rh1 32. Rxg2 Rh3 33. Rxg7+
1-0

[Event "Tournoi Skype 031B"]
[Site "Skype"]
[Date "????.??.??"]
[Round "9.48"]
[White "Maccaferri, Massimo"]
[Black "Ricord, Gerardo"]
[Result "1-0"]
[WhiteElo "1052"]
[BlackElo "1000"]
[PlyCount "49"]

1. b3 e5 2. Ba3 Nc6 3. Bxf8 Kxf8 4. e4 d6 5. Bc4 Qd7 6. Qf3 Nf6 7. Nh3 Nd4 8.
Qd3 a6 9. Ng5 Ne6 10. h4 b5 11. Bd5 c6 12. Bxe6 fxe6 13. O-O h6 14. Nh3 Ne8 15.
f4 Qf7 16. fxe5 Nf6 17. exf6 gxf6 18. e5 Qg6 19. Rxf6+ Qf7 20. Qxd6+ Kg7 21.
Rxf7+ Kxf7 22. Nf4 Bb7 23. Qxe6+ Kg7 24. Qf6+ Kh7 25. Qf7# 1-0

[Event "Tournoi Skype 031B"]
[Site "Skype"]
[Date "????.??.??"]
[Round "9.49"]
[White "Lai, Mattia"]
[Black "Farfallini, Michel"]
[Result "1-0"]
[WhiteElo "1000"]
[BlackElo "1446"]
[PlyCount "37"]

1. d4 d5 2. Nf3 c6 3. c4 e6 4. Nc3 Bb4 5. Bd2 Nf6 6. e3 O-O 7. Bd3 Nbd7 8. O-O
Re8 9. Ng5 Nf8 10. Qf3 e5 11. e4 h6 12. Qg3 exd4 13. e5 dxc3 14. bxc3 Bc5 15.
Nh3 Ne4 16. Bxe4 dxe4 17. Bxh6 Qf6 18. exf6 e3 19. Qxg7# 1-0

[Event "Tournoi Skype 031B"]
[Site "Skype"]
[Date "????.??.??"]
[Round "9.50"]
[White "Trapletti, Cosetta"]
[Black "Bosetti, Giancarlo"]
[Result "1-0"]
[WhiteElo "1138"]
[BlackElo "1000"]
[PlyCount "47"]

1. c4 e6 2. d4 d5 3. e3 Nf6 4. Bd3 Bb4+ 5. Nc3 O-O 6. Nf3 Bxc3+ 7. bxc3 b6 8.
O-O c5 9. Re1 Ba6 10. Ba3 dxc4 11. Bc2 Nbd7 12. e4 Bb7 13. h3 h6 14. e5 Nh7 15.
Qb1 g6 16. Qc1 Kg7 17. Qe3 Re8 18. Bc1 Rc8 19. Qxh6+ Kh8 20. Bg5 Qc7 21. Bf6+
Ndxf6 22. exf6 Rg8 23. Ng5 Rg7 24. Qxg7# 1-0

[Event "Tournoi Skype 031B"]
[Site "Skype"]
[Date "????.??.??"]
[Round "9.51"]
[White "Hernandez, Ivan"]
[Black "Ortis, Yves"]
[Result "0-1"]
[WhiteElo "1016"]
[BlackElo "1147"]
[PlyCount "60"]

1. e4 c5 2. d4 e6 3. e5 cxd4 4. Qxd4 Nc6 5. Qd2 d6 6. exd6 Bxd6 7. Bb5 Qd7 8.
Nc3 a6 9. Bxc6 Qxc6 10. f3 Nf6 11. Nge2 O-O 12. b3 b5 13. Bb2 Bb7 14. O-O-O
Rad8 15. Ne4 Be7 16. Nxf6+ gxf6 17. Qh6 e5 18. Rxd8 Rxd8 19. Rg1 Bf8 20. Qh4
Bg7 21. Rf1 Qc5 22. Kb1 Bd5 23. g4 Rc8 24. c3 Qe3 25. Nc1 Bxf3 26. Qf2 Qe4+ 27.
Ka1 Bxg4 28. a4 bxa4 29. Qb6 Bf5 30. Qxa6 Qb1# 0-1

[Event "Tournoi Skype 031B"]
[Site "Skype"]
[Date "????.??.??"]
[Round "9.52"]
[White "Alverson, Ginny"]
[Black "Gagnon, Sindy"]
[Result "1-0"]
[WhiteElo "1000"]
[BlackElo "1000"]
[PlyCount "37"]

1. Nf3 Nc6 2. d4 Nf6 3. Nbd2 d6 4. e3 e5 5. dxe5 dxe5 6. Be2 Bd6 7. O-O O-O 8.
Nc4 Be7 9. Qe1 Bd7 10. Ncxe5 Nxe5 11. Nxe5 Ba4 12. b3 Bc6 13. Nxc6 bxc6 14. Bf3
Bd6 15. Bxc6 Rc8 16. Bb2 Nd5 17. Bxd5 c6 18. Qc3 Rb8 19. Qxg7# 1-0

[Event "Tournoi Skype 031B"]
[Site "Skype"]
[Date "????.??.??"]
[Round "9.53"]
[White "Micocci, Lucia"]
[Black "Carias, Nancy"]
[Result "1-0"]
[WhiteElo "1000"]
[BlackElo "1000"]
[PlyCount "73"]

1. e4 e5 2. Nf3 Nc6 3. Bc4 Nf6 4. Nc3 Bc5 5. d3 a6 6. a3 O-O 7. O-O d6 8. Ng5
h6 9. Nxf7 Qe8 10. Nxd6+ Rf7 11. Nxe8 Nxe8 12. Bxf7+ Kxf7 13. Qf3+ Nf6 14. Nd5
Nd4 15. Qg3 b5 16. Qh4 Ne2+ 17. Kh1 Be6 18. Nxf6 gxf6 19. Qh5+ Ke7 20. Bxh6 Re8
21. Rae1 Nd4 22. Be3 Bf7 23. Qh7 Rf8 24. Bh6 Ke8 25. Bxf8 Bxf8 26. c3 Nf3 27.
gxf3 c5 28. Rg1 a5 29. Qf5 b4 30. Qc8+ Ke7 31. Qxc5+ Ke8 32. Qa7 Bh5 33. Rg8
Bf7 34. Rh8 bxa3 35. bxa3 a4 36. Rb1 f5 37. Rb8# 1-0